The forests of Japan

Bibliographic Details
Main Author: SASSE
Format: Book
Published: Japan : Japan Forest Technical Association , 1998
Subjects:

MARC

LEADER 00000cam a2200000 7i4500
001 0000002611
005 20030827.0
020 0 0 |a 4889640045 
090 0 0 |a 634.90952   |b SAS 1998 
100 1 0 |a SASSE   |h Jo 
245 1 4 |a The forests of Japan   |c Jo Sasse 
260 0 0 |a Japan :   |b Japan Forest Technical Association ,   |c 1998 
300 |a 75 p. :   |b ill. ;   |c 23 cm. 
500 0 0 |a Includes bibliography : p. 67-70 and index 
650 0 0 |a Forests and forestry   |z Japan 
998 |a JPSM 
999 |a 0000004349   |b Monograph   |c Open Shelf   |e Default branch